01270nam a2200253 a 4500001001000000005001700010008004100027041000800068044000700076084001500083100004500098245011200143260003400255300001700289500024500306500010000551500011900651500000900770650005200779650005600831650003400887650004500921740005000966BRCA_243120190320203815.0141108s1782----sp-#---###---#000-0#spa-u aspa asp a069b.M3761 aCervantes Saavedra, Miguel ded1547-161610aVida y hechos del Ingenioso Caballero Don Quixote de la Manchaccompuesto por Miguel de Cervantes Saavedra. aMadridbManuel Martínc1782 a4 v.c16 cm. aContenido : v 1. Primera parte. Dedicatoria de Cide Hamete Benengeli. Algunos versos preliminares. Prólogo del autor. Texto. -- v 2. Texto. -- v 3. Segunda parte. Resto de los versos preliminares. Prólogo del autor. Texto. -- v 4. Texto aEdición: Nueva edición. Corregida e ilustrada con 44 estampas. Dedicada al mismo D. Quixote aEdición enteramente igual al LO-069. Semipiel; lomeras adornadas con florones y filetes dorados Lúdovik Osterc aQM5714aNovela españolayÉpoca clásica, 1500-170014aLiteratura españolayÉpoca clásica, 1500-170014aNovela españolaySiglo XVII14aDon Quijote (Personaje ficticio)eNovela0 aEl Ingenioso Hidalgo Don Quijote de la Mancha